000 00828nam a22002657a 4500
003 CHAP
005 20220329134405.0
008 971013s1969 r 00010 d
010 _a19810
011 _a20782
035 _a24871
040 _cCHAP
090 _afolleto 7880
110 _aCentro Nacional de Información y Documentación. Santiago de Chile
_921235
245 _aGuía de servicios de reprografía de América Latina
260 _aSantiago :
_b(El Centro),
_c1969
300 _apág. var.
590 _aBATCH-UPD
_b10
_c20130409
_lUCH01
_h2012
590 _aBATCH-UPD
_b10
_c20130914
_lUCH01
_h2001
590 _aCONVERSION
_b10
_c20130109
_lUCH01
_h1312
650 1 4 _aReproducción (Materiales bibliográficos)
_996035
901 _aBK
942 _cFOLL
949 _aFolleto 7880
_bBC
_cB
_d-57427
_eB
_i24871
_si
999 _c19810
_d19810